000 00780nam a2200229Ia 4500
005 20241129110025.0
008 241129s9999||||xx |||||||||||||| ||und||
020 _a978-1-5381-5938-5
037 _aTB
040 _aARTS
_beng
_cARTS
041 _aeng
_2eng
084 _aV73:71 R2
_qARTS
100 _aNeumann Thomas W. Au.; Sanford Robert M. Au.; Neumann Mary Spink Au.
_9726928
245 0 _aPracticing archaeology: a manual for cultural resurces archaeology
_cNeumann Thomas W. Au.; Sanford Robert M. Au.; Neumann Mary Spink Au.
250 _a3rd
260 _aMaryland
_bLanham Rowman & Littlefield
_c2023
300 _axix,476p.
365 _aUKP
_b58
650 _aAmerica-HistoryArcheology
_9726929
942 _cTB
_hV73:71 R2
999 _c1227035
_d1227035